| 000 | 00888nas a2200289 4500 | ||
|---|---|---|---|
| 001 | BR2010000442 | ||
| 003 | BR-BrBNA | ||
| 005 | 20231205113840.0 | ||
| 007 | ta | ||
| 008 | 230509b bl.|||p| |||| 00| 00por d | ||
| 040 |
_aBR-BrBNA _bpor _cBiblioteca Nacional de Agricultura |
||
| 041 | _a(Pt) | ||
| 072 | _aQ03 | ||
| 100 | 1 | _aZanela, M.B. | |
| 100 | 1 | _aRibeiro, M.E.R. | |
| 100 | 1 | _aFischer, V. | |
| 100 | 1 | _aGomes, J.F. | |
| 100 | 1 | _aStampf Junior, W. | |
| 245 | 1 | _aOcorrência do leite instável não ácido no noroeste do Rio Grande do Sul | |
| 650 | _aLEITE | ||
| 650 | _aACIDEZ | ||
| 650 | _aINDÚSTRIA ALIMENTÍCIA | ||
| 650 | _aRIO GRANDE DO SUL | ||
| 773 | 0 |
_tArquivo Brasileiro de Medicina Veterinária e Zootecnia (Brazil) _xISSN 0102-0935 _g(Aug 2009), v. 61(4) p. 1009-1013 _wBR2010000442 |
|
| 909 |
_a202311 _bLúcia _c55 _dLúcia Elande |
||
| 942 |
_2AGRIS _n0 _cANA |
||
| 999 |
_c205934 _d205934 |
||